header

The origin of species (Record no. 125788)

MARC details
000 -LEADER
fixed length control field 01476nam a2200349 a 4500
100 1# - MAIN ENTRY--AUTHOR NAME
Personal name Darwin, Charles,
245 14 - TITLE STATEMENT
Title The origin of species
260 ## - PUBLICATION, DISTRIBUTION, ETC. (IMPRINT)
Place of publication Philadelphia [Pa.] :
Name of publisher University of Pennsylvania Press,
Year of publication 1959.
300 ## - PHYSICAL DESCRIPTION
Number of Pages 816 p. :
Other physical details ill.
500 ## - GENERAL NOTE
General note With a reproduction of the t.p. of the original ed. published in 1859 under title: On the origin of species by means of natural selection.
General note First paperback edition 2006.
650 #0 - SUBJECT ADDED ENTRY--TOPICAL TERM
Topical Term Evolution (Biology)
Topical Term Natural selection.
700 1# - ADDED ENTRY--PERSONAL NAME
Personal name Peckham, Morse.
856 40 - ELECTRONIC LOCATION AND ACCESS
Uniform Resource Identifier http://site.ebrary.com/lib/rucke/Doc?id=10491921

No items available.

© 2026 Rongo University
Contact us: librarian | system librarian | Rongo university